000 00937nam a2200229Ia 4500
003 Ost
005 20260507075443.0
008 260507s9999||||xx |||||||||||||| ||und||
040 _cfsecg
041 _aara
082 _a657
100 _aالغبان، فائزة ابراهيم محمود
_eمؤلف
245 0 _aالنظم المحاسبية المتخصصة /
_c فائزة ابراهيم محمود الغبان
260 _aبغداد:
_bمكتبة الذاكرة,
_c2009
300 _a570 صفحة؛
_bإيضاحات ؛
_c24 سم
504 _aببليوغرافيا: ص.567-570
520 _aالمحاسبة في النشاط المصرفي، المحاسبة في شركات التأمين، محاسبة عمليات النفط الخام، المحاسبة في النشاط الزراعي
653 _aالبنوك
653 _aالتأمين - البنوك
653 _aالمحاسبة
942 _cكتاب
999 _c44572
_d44572